| 000 | 00933nam a22002777a 4500 | ||
|---|---|---|---|
| 999 |
_c973 _d973 |
||
| 001 | 002410 | ||
| 003 | CoMeUDC002410 | ||
| 005 | 20190123175417.0 | ||
| 008 | 130128s2012 ck gr 000 0 eng d | ||
| 020 | _a9789588366562 | ||
| 040 |
_aCO-BoUEX _cCoMeUDC |
||
| 041 | 0 | _aspa | |
| 043 | _ax-y | ||
| 082 | 0 | 4 |
_a510.1 _bP879h |
| 100 | 1 |
_aPoveda Ramos, Gabriel, _d1931- |
|
| 245 | 1 | 0 |
_aHistoria de las matemáticas en Colombia / _cGabriel Poveda Ramos. |
| 260 |
_aMedellín : _bEdiciones UNAULA, _c2012 |
||
| 300 |
_a316 p. ; _c23 cm. |
||
| 440 | 0 | _aPensamiento Latinoamericano | |
| 504 | _aIncluye bibliografía | ||
| 505 | _aLa colonización y la colonia. La república primera. La segunda mitad del siglo XIX. Comienzo del siglo XX. Finales del siglo XX. Anexos. | ||
| 650 | 1 | 4 |
_aMATEMATICAS _xHISTORIA _zCOLOMBIA |
| 650 | 1 | 4 | _aMATEMATICAS PARA INGENIEROS |
| 650 | 1 | 4 |
_aMATEMATICAS _ySIGLOS XIX-XX _zCOLOMBIA |
| 942 |
_2ddc _cBK |
||